|
|
|
|
| LEADER |
00000naa0a2200000 4500 |
| 001 |
597891 |
| 005 |
20250214164442.0 |
| 035 |
|
|
|a (RuTPU)RU\TPU\tpu\21315
|
| 035 |
|
|
|a RU\TPU\tpu\21312
|
| 090 |
|
|
|a 597891
|
| 100 |
|
|
|a 20120523d2008 k y0rusy50 ca
|
| 101 |
0 |
|
|a rus
|
| 102 |
|
|
|a RU
|
| 200 |
1 |
|
|a Перспективы использования кварцитов Антоновской группы месторождений (Кемеровская область)
|f Л. Г. Ананьева, М. В. Коровкин
|
| 333 |
|
|
|a В фонде НТБ ТПУ отсутствует
|
| 463 |
|
|
|t Федоровская сессия 2008
|o тезисы докладов международной научной конференции, Санкт-Петербург, 2008 г.
|v С. 259-261
|d 2008
|
| 610 |
1 |
|
|a труды учёных ТПУ
|
| 700 |
|
1 |
|a Ананьева
|b Л. Г.
|c российский геолог
|c доцент Томского политехнического университета, кандидат геолого-минералогических наук
|f 1967-
|g Людмила Геннадьевна
|3 (RuTPU)RU\TPU\pers\26292
|9 12065
|
| 701 |
|
1 |
|a Коровкин
|b М. В.
|c геофизик
|c профессор Томского политехнического университета, доктор физико-математических наук
|c главный эксперт центра качества Томского технологического института
|f 1952-
|g Михаил Владимирович
|3 (RuTPU)RU\TPU\pers\26067
|4 070
|9 11905
|
| 801 |
|
1 |
|a RU
|b 63413507
|c 20120523
|
| 801 |
|
2 |
|a RU
|b 63413507
|c 20120523
|g RCR
|
| 942 |
|
|
|c BK
|